<?xml version="1.0" encoding="UTF-8"?>
<record
    xmlns:xsi="http://www.w3.org/2001/XMLSchema-instance"
    xsi:schemaLocation="http://www.loc.gov/MARC21/slim http://www.loc.gov/standards/marcxml/schema/MARC21slim.xsd"
    xmlns="http://www.loc.gov/MARC21/slim">

  <leader>00719nam a2200217 a 4500</leader>
  <controlfield tag="001">BRL_456</controlfield>
  <controlfield tag="005">20190320210741.0</controlfield>
  <controlfield tag="008">140813s1995----mx-a######---#000-0#spa-#</controlfield>
  <datafield tag="041" ind1=" " ind2=" ">
    <subfield code="a">spa</subfield>
  </datafield>
  <datafield tag="044" ind1=" " ind2=" ">
    <subfield code="a">mx</subfield>
  </datafield>
  <datafield tag="050" ind1=" " ind2="4">
    <subfield code="a">F1311.S35</subfield>
    <subfield code="b">.H47 1995</subfield>
  </datafield>
  <datafield tag="100" ind1="1" ind2=" ">
    <subfield code="a">Hern&#xE9;ndez Chapa, Guillermo</subfield>
    <subfield code="9">23966</subfield>
  </datafield>
  <datafield tag="245" ind1="1" ind2="0">
    <subfield code="a">Herencia e Identidad</subfield>
    <subfield code="b">Santa Catarina un Pueblo N&#xE1;huatl</subfield>
    <subfield code="c">Guillermo Hern&#xE1;ndez Chapa.</subfield>
  </datafield>
  <datafield tag="260" ind1=" " ind2=" ">
    <subfield code="a">Morelos, M&#xE9;xico</subfield>
    <subfield code="b">PACMYC, Direcci&#xF3;n General de Cultaras Populares, Unidad Regional Morelos</subfield>
    <subfield code="c">1995</subfield>
  </datafield>
  <datafield tag="300" ind1=" " ind2=" ">
    <subfield code="a">83 p.</subfield>
    <subfield code="b">il.</subfield>
    <subfield code="c">21 cm.</subfield>
  </datafield>
  <datafield tag="500" ind1=" " ind2=" ">
    <subfield code="a">Au490</subfield>
  </datafield>
  <datafield tag="650" ind1="1" ind2="4">
    <subfield code="a">Nahuas</subfield>
    <subfield code="x">Vida social y costumbres</subfield>
    <subfield code="z">Morelos</subfield>
    <subfield code="9">23967</subfield>
  </datafield>
  <datafield tag="651" ind1=" " ind2="4">
    <subfield code="a">Santa Catarina, Morelos</subfield>
    <subfield code="x">Historia</subfield>
    <subfield code="9">23968</subfield>
  </datafield>
  <datafield tag="902" ind1=" " ind2=" ">
    <subfield code="a">GRL</subfield>
  </datafield>
  <datafield tag="942" ind1=" " ind2=" ">
    <subfield code="2">lcc</subfield>
    <subfield code="c">B</subfield>
  </datafield>
  <datafield tag="999" ind1=" " ind2=" ">
    <subfield code="c">9268</subfield>
    <subfield code="d">9268</subfield>
  </datafield>
  <datafield tag="952" ind1=" " ind2=" ">
    <subfield code="0">0</subfield>
    <subfield code="1">0</subfield>
    <subfield code="4">0</subfield>
    <subfield code="7">0</subfield>
    <subfield code="a">BRL</subfield>
    <subfield code="b">BRL</subfield>
    <subfield code="d">2013-08-14</subfield>
    <subfield code="i">Au490</subfield>
    <subfield code="l">0</subfield>
    <subfield code="o">F1311.S35 .H47 1995 (Au490)</subfield>
    <subfield code="p">GRL00491</subfield>
    <subfield code="r">2019-03-22 00:00:00</subfield>
    <subfield code="w">2019-03-22</subfield>
    <subfield code="y">B</subfield>
  </datafield>
</record>
